| 000 | 00756nam a2200229 a 4500 | ||
|---|---|---|---|
| 005 | 20240228064317.0 | ||
| 008 | 171017s2006 es r 000 0 spa d | ||
| 020 | _a844882279X | ||
| 035 | _aUPN01000221054 | ||
| 049 | _aI | ||
| 050 | 4 |
_aE111 _bO2.9 2006 |
|
| 100 | 1 |
_aObiols, Anna, _d1975- _936176 |
|
| 245 | 1 | 3 |
_aEl viaje de Cristóbal Colón / _cAnna Obiols ; il. Joan Subirana ; tr. Gemma Xiol. |
| 250 | _a2a ed. | ||
| 260 |
_aBarcelona, Esp. : _bRandom House Mondadori, _c2006. |
||
| 300 |
_a[25] p. : _bil. col. |
||
| 534 |
_pTítulo original: _tEl viatge de Crisófor Colom |
||
| 600 | 1 | 4 |
_aCOLON, CRISTOBAL, _d1451-1506 - _vLITERATURA INFANTIL _920125 |
| 650 | 4 |
_aLibros y lectura para niños _92290 |
|
| 905 | _aInfantil | ||
| 999 |
_c193153 _d193153 |
||